000 00515nam a2200193Ia 4500
003 GCL
008 140319s9999 xx 000 0 eng d
040 _aGCL /
_cGCL
082 0 4 _a914.082092
_bC C
100 1 _aCHARMLEY, JOHN
245 1 0 _aCHURCHILL: THE END OF GLORY: A POLITICAL BIOGRAPHY /
_cCHARMLEY, JOHN
260 _a[S.N] :
_bHODDER AND STOUGHTON ،
_c1995
300 _a742 P
650 0 4 _aWORLD WAR II
650 0 4 _aCHURCHILL
650 0 4 _aWORLD WAR I
650 0 4 _aBIOGRAPHIES
942 _2ddc
_cBK
999 _c12988
_d12988